000 00280nam a2200109Ia 4500
008 200302s9999 xx 000 0 und d
100 _aElzabeth Wilhide
245 _aMaterials A Directory for Home Design
260 _bQuadrille Publishing Ltd.,
260 _c2006
300 _a192P.,
999 _c3828
_d3828